Statistics for FIFA WORLD CUP CHAMPIONS

Click here to take the quiz!

General Stats

  • This quiz has been taken 27 times
  • The average score is 20 of 21

Answer Stats

YEARCHAMPIONSHOSTRUNNERS UP% Correct
1978ARGENTINAARGENTINANETHERLANDS
100%
1986ARGENTINAMEXICOWEST GERMANY
100%
1970BRAZILMEXICOITALY
100%
2002BRAZILSOUTH KOREA/JAPANGERMANY
100%
1994BRAZILUSAITALY
100%
1958BRAZILSWEDENSWEDEN
100%
1962BRAZILCHILECZECHOSLOVAKIA
100%
1998FRANCEFRANCEBRAZIL
100%
2018FRANCERUSSIACROATIA
100%
2014GERMANYBRAZILARGENTINA
100%
1934ITALYITALYCZECHOSLOVAKIA
100%
1982ITALYSPAINWEST GERMANY
100%
1938ITALYFRANCEHUNGARY
100%
2006ITALYGERMANYFRANCE
100%
2010SPAINSOUTH AFRICANETHERLANDS
100%
1966ENGLANDENGLANDWEST GERMANY
96%
1950URUGUAYBRAZILBRAZIL
93%
1930URUGUAYURUGUAYARGENTINA
93%
1974WEST GERMANYWEST GERMANYNETHERLANDS
85%
1990WEST GERMANYITALYARGENTINA
85%
1954WEST GERMANYSWITZERLANDHUNGARY
85%

Score Distribution

Percentile by Number Answered

Percent of People with Each Score

Your Score History

You have not taken this quiz